| 000 | 00383nam a22001337a 4500 | ||
|---|---|---|---|
| 082 |
_a621.313 _bSCH _cL-tech P-61 |
||
| 100 |
_aSchulz, Ernst _941365 |
||
| 245 | _aThe diseases of electrical machinery/ | ||
| 260 |
_aLondon, : _bE&F. N. Spon, ltd., 57 Haymarket _c1917. |
||
| 300 | _axii, 84p. | ||
| 526 |
_a0 _b0 _c0 _d621_313000000000000_SCH |
||
| 650 |
_aMCE _9379 |
||
| 942 |
_2ddc _cBK |
||
| 999 |
_c545493 _d545493 |
||